000 00582cam a22001931 4500
001 000019132
003 DO-SdBNP
005 20250702102807.0
008 720414r1965uuuunyua 000 1 eng
010 _a65014006
040 _aDO-SdBNP
_bspa
_cBNPHU
100 1 _aGallico, Paul,
_d1897-1976.
_941158
245 1 0 _aMrs. 'Arris goes to Parliament. /
_cDrawings by Gioia Fiammenghi.
250 _a[1st ed. in the U.S.A.]
260 _aGarden City, N.Y., :
_bDoubleday,
_c1965.
300 _a152 p. :
_billus. ;
_c18 cm.
910 _aCatalogación derivada / LC
942 _2ddc
_cLBS1
999 _c18650
_d18650